|
|
|
|
| LEADER |
00766nam a22002297a 4500 |
| 001 |
30042 |
| 003 |
BD-DhAAL |
| 005 |
20151108122217.0 |
| 008 |
151108s2011 bg a|||| |||| 001 0 eng d |
| 020 |
|
|
|a 8185044929
|
| 040 |
|
|
|a BD-DhAAL
|c BD-DhAAL
|
| 082 |
|
|
|2 22
|a 658.1/1
|
| 100 |
|
|
|a Sehgal, M. K.
|9 16018
|
| 245 |
|
|
|a Entrepreneurship development :
|b a systemic approach /
|c M.K. Sehgal
|
| 260 |
|
|
|a New Delhi :
|b UDH Publishers,
|c 211
|
| 300 |
|
|
|a 292 p. ;
|c 24 cm.
|
| 541 |
|
|
|e 30042
|
| 650 |
|
|
|a Entrepreneurship
|9 16019
|
| 852 |
|
|
|a Ayesha Abed Library
|
| 942 |
|
|
|2 ddc
|c BK
|
| 999 |
|
|
|c 36063
|d 36063
|
| 952 |
|
|
|0 0
|1 0
|2 ddc
|4 0
|6 658_110000000000000_SEH
|7 0
|9 56669
|a CED
|b CED
|c GEN
|d 2015-11-08
|e Paragon
|g 375.00
|l 0
|o 658.11 SEH
|p 3010030042
|r 2015-11-08
|t 1
|w 2015-11-08
|y BK
|a BRACUL
|